Regions of Italy - Sudden Death - Statistics

General Stats
  • This quiz has been taken 92 times
  • The average score is 14 of 20
Answers on the Grid
Answers color-coded by a green-red scale on the quiz's grid according to % correct below.
Valle d'Aosta
Molise
Ferrara
Lazio
Sicilia
San Marino
Puglia
Toscana
Murano
Veneto
Basilicata
Savona
Liguria
Viterbo
Emilia-Romagna
Marche
Città del Vaticano
Prato
Abruzzo
Calabria
Friuli-Venezia Giulia
Piemonte
Siracusa
Campania
Lombardia
Sardegna
Cesare
Umbria
Trentino-Alto Adige
Tiberia
 
Answer Stats
Answer % Correct
Sicilia
87%
Toscana
84%
Lazio
81%
Lombardia
77%
Calabria
76%
Liguria
75%
Umbria
75%
Emilia-Romagna
73%
Sardegna
73%
Campania
72%
Piemonte
72%
Valle d'Aosta
72%
Abruzzo
69%
Puglia
69%
Veneto
69%
Trentino-Alto Adige
65%
Friuli-Venezia Giulia
61%
Marche
60%
Basilicata
57%
Molise
51%
No matching quizzes found
Score Distribution
Percent of People with Each Score
Percentile by Number Answered
Your Score History
You have not taken this quiz